International banking and finance / (Record no. 86252)

MARC details
000 -LEADER
fixed length control field 00572nam a22001937a 4500
005 - DATE AND TIME OF LATEST TRANSACTION
control field 20140811114735.0
010 ## - LCCN (DPL NO)
LC control number ENG-110324
020 ## - INTERNATIONAL STANDARD BOOK NUMBER
International Standard Book Number 9789350624524
Terms of availability 595.00
035 ## - SYSTEM CONTROL NUMBER
System control number EN-93856
037 ## - SOURCE OF ACQUISITION
Source of stock number/acquisition DBAD/PUB
082 ## - DEWEY DECIMAL CLASSIFICATION NUMBER
Classification number 332.15
100 ## - MAIN ENTRY--PERSONAL NAME
Personal name Iyengar, G.Vijayaragavan
245 ## - TITLE STATEMENT
Title International banking and finance /
Statement of responsibility, etc by G.Vijayaragavan Iyengar
260 ## - PUBLICATION, DISTRIBUTION, ETC. (IMPRINT)
Place of publication, distribution, etc New Delhi
Name of publisher, distributor, etc Excel Books
Date of publication, distribution, etc 2014
270 ## - ADDRESS
Address A-45, Naraina, Phase I
City New Delhi
Postal code 110028
300 ## - PHYSICAL DESCRIPTION
Extent xiv,714p.
Dimensions 27cm(pbk)
500 ## - GENERAL NOTE
General note Includes index
942 ## - ADDED ENTRY ELEMENTS (KOHA)
Source of classification or shelving scheme Dewey Decimal Classification
Item type English Books
Call number suffix IYE
Classification part 332.15
Holdings
Withdrawn status Lost status Not for loan Collection code Home library Current library Date acquired Source of acquisition Cost, normal purchase price Full call number Barcode Copy number Cost, replacement price Koha item type
    Not For Loan Non-fiction D.B.Act.Division D.B.Act.Division 02/07/2014 DBAD/PUB 595.00 332.15 IYE EN-93856 1 595.00 English Books

© Delhi Public Library
Hit Counter
free hit counter